| 000 | 00737nam a22002292 4500 | ||
|---|---|---|---|
| 001 | 0000012156 | ||
| 005 | 20151217152107.0 | ||
| 008 | 090211s xx 000 0 eng d | ||
| 020 | _a9966410651 : | ||
| 040 |
_aKABU _cKABU |
||
| 100 | 1 |
_aOpio-Odongo, J. M. A. _@0000168378 |
|
| 245 | 1 | 0 |
_aHigher education and research in Uganda / _cJ. M. A. Opio-Odongo. |
| 250 | _a1st ed. | ||
| 260 |
_aNairobi : _bActs Press, _c1993. |
||
| 300 | _aix, 105 p. | ||
| 650 | 0 |
_aEducation, Higher _zUganda. _@0000168379 |
|
| 650 | 0 |
_aResearch institutes _zUganda. _@0000168380 |
|
| 852 | 1 | _9p300 KES | |
| 852 | 1 | _9p300 KES | |
| 908 | _a090211 | ||
| 950 | _@1 | ||
| 999 |
_c8194 _d8194 |
||